000 01778nam a2200541 i 4500
001 45182
003 KOSZ 005
005 20220425120251.0
008 021220s2002 pl a f |000 0 pol
015 _aUWD 2003/529
020 _a8320814278
035 _a991020008189705066
035 _a(PL-WaBN)b15423037-48omnis_nlop
035 _ab15423037
035 _a(OCoLC)749644141
035 _azz2003940302
035 _a(PL)b0000001542303
035 _a(EXLNZ-48OMNIS_NETWORK)9910177913705606
040 _aWA N
_cWA N
_dKOSZ 005/HR
041 0 _apol
046 _k2002
080 _a005.5
080 _a339.138:077
080 _a338.4:077
080 _a658.7
080 _a(07)
245 0 0 _aLogistyka on-line :
_bzarządzanie łańcuchem dostaw w dobie gospodarki elektronicznej : praca zbiorowa /
_cpod red. nauk. Krzysztofa Rutkowskiego.
260 _aWarszawa :
_bPolskie Wydawnictwo Ekonomiczne,
_c2002.
300 _a259, [1] s. :
_bil. ;
_c24 cm.
336 _aTekst
_btxt
_2rdacontent
337 _aBez urządzenia pośredniczącego
_bn
_2rdamedia
338 _aWolumin
_bnc
_2rdacarrier
380 _aKsiążki
388 _a2001-
504 _aBibliogr.
650 7 _aHandel elektroniczny
_2DBN
650 7 _aLogistyka gospodarcza
_2DBN
650 7 _aŁańcuch dostaw
650 7 _aMarketing cyfrowy
_2DBN
655 7 _aPodręcznik
_2DBN
658 _aTransport i logistyka
658 _aZarządzanie i marketing
700 1 _aRutkowski, Krzysztof
_c(ekonomista)
_eRedakcja
710 2 _aPolskie Wydawnictwo Ekonomiczne
_4pbl
856 _uhttp://koha.tu.koszalin.pl/cgi-bin/koha/opac-detail.pl?biblionumber=45182
_yKatalog online BPK
942 _2UKD
_cKS
999 _c45182
_d45182